000 01093nmm a2200325 a 4500
001 ocm0001864994
003 TR-IsHL
005 20201028172316.0
008 180520s2016 tu tur
007 cr cn
020 _a9786054810376
035 _a1864994
_b(N$T)
050 0 4 _aB753.G33
_bM8619 2016
090 0 4 _aB753.G33
_bM8619 2016
100 1 _aİmam-ı Gazâli
245 1 0 _aEl münkız mine'd-dalâl: dalâletten kurtuluş
_h[electronic resource] /
_cİmam-ı Gazâli
250 _aBirinci basım
260 _aİstanbul :
_bGelenek Yayıncılık,
_c2016
300 _a130 p.
650 4 _aFelsefe, Psikoloji ve Din
650 4 _aPhilosophy, Psychology and Religion
650 0 _aGazâlî, 1058-1111
650 0 _aGhazzali, 1058-1111
650 0 _aİslam
_x Doktrinler
_x 1800'den önceki çalışmalar
650 0 _aIslam
_x Doctrines
_x Early works to 1800
650 0 _aTasavvuf
650 0 _aSufism
650 7 _aPHILOSOPHY / Religious
_2bisacsh
856 4 0 _uhttp://search.ebscohost.com/login.aspx?direct=true&scope=site&db=e011xww&AN=1864994
999 _c17135
_d17135